000 00772nac a22001931u 4500
020 _a8174091858
082 _a621.3
_bR1801
090 _c2932
_d2932
100 _aRao ,S.
245 _aTesting Commissioning Operation and Maintenance Of Electrical Equipments /
_bS. Rao.
260 _aDelhi:
_bKhanna Publishers,
_cc.2006.
300 _a1371p.:
_bill;
_c26cm.
504 _aIncludes Index.
650 _aElectric engineering.
700 _aRao ,S.
942 _cBB
_k621.3R1801
999 _c2932
_d2932